The innovator's toolkit : 50 techniques for predictable and sustainablee organic growth /

Bibliographic Details
Main Author: Silverstein, David
Other Authors: DeCarlo, Neil, Samuel, Philip
Format: Book
Published: Hoboken, NJ: John Wiley and Sons, 2009.
Subjects:
LEADER 00747cam a2200229 7i4500
001 0000051712
005 20151104090000.0
005 ##20151104170100.0
003 ##MY-KlINT
020 # # |a 9780470345351  
039 # 9 |y 201511041701  |z VLOAD 
090 0 0 |a 658.4063   |b SIL 
100 1 # |a Silverstein, David 
245 0 0 |a The innovator's toolkit :   |b 50 techniques for predictable and sustainablee organic growth /   |c David silverstein, Philip Samuel, Neil DeCarlo. 
260 # # |a Hoboken, NJ:   |b John Wiley and Sons,   |c 2009. 
300 # # |a xxxi,352p:   |b ill;   |c 24cm. 
500 # # |a Includes index 
650 # 0 |a Corporation --   |x Growth  
650 # 0 |a Technological innovation --   |x Management  
650 # 0 |a New product  
700 0 # |a DeCarlo, Neil  
700 0 # |a Samuel, Philip